Welcome to CU Library Online Public Access Catalogue (OPAC)

Biology/ (Record no. 2109)

MARC details
000 -LEADER
fixed length control field 00503nam a22001817a 4500
003 - CONTROL NUMBER IDENTIFIER
control field OSt
005 - DATE AND TIME OF LATEST TRANSACTION
control field 20241212130513.0
008 - FIXED-LENGTH DATA ELEMENTS--GENERAL INFORMATION
fixed length control field 241212b |||||||| |||| 00| 0 eng d
020 ## - INTERNATIONAL STANDARD BOOK NUMBER
International Standard Book Number 9780673466259
040 ## -
-- .
050 ## - LIBRARY OF CONGRESS CALL NUMBER
Classification number QH308.2
Item number .W35
100 ## - MAIN ENTRY--PERSONAL NAME
Personal name Wallace, Robert A.
245 ## - TITLE STATEMENT
Title Biology/
Remainder of title the world of life
Statement of responsibility, etc. Robert A. Wallace
250 ## - EDITION STATEMENT
Edition statement 6th ed.
260 ## - PUBLICATION, DISTRIBUTION, ETC.
Place of publication, distribution, etc. New York
Name of publisher, distributor, etc. Harper Collins Publishers
Date of publication, distribution, etc. 1992
300 ## - PHYSICAL DESCRIPTION
Extent xx. various paging
Other physical details ill. some color
Dimensions 26cm
942 ## - ADDED ENTRY ELEMENTS (KOHA)
Source of classification or shelving scheme Library of Congress Classification
Koha item type Books
Suppress in OPAC No
Edition 6th ed.
999 ## -
-- 2109
-- 2109
Holdings
Withdrawn status Lost status Source of classification or shelving scheme Damaged status Not for loan Collection Home library Current library Shelving location Date acquired Total checkouts Full call number Barcode Date last seen Copy number Price effective from Koha item type
    Library of Congress Classification     Non-fiction Science Library (Miotso) Science Library (Miotso) General stacks 12/12/2024   QH308.2 .W35 WAL SLM00001252 12/12/2024 1 12/12/2024 Books
© 2023-2024 Copyright: Central University Libraries. All Rights Reserved | Created by: Mahone Tech Office